Statistiques concernant Toutes les coupes du DLC de Mario Kart 8 Deluxe

Cliquez ici pour prendre le quiz!

Statistiques générales

  • Ce quiz a été pris 8 fois
  • Le résultat moyen est 7 sur 12

Statistiques - réponses

Nom% Correct
Coupe Maneki-Neko
88%
Coupe Lune
75%
Coupe Cerise
63%
Coupe Navet
63%
Coupe à Épines
50%
Coupe Boomerang
50%
Coupe Gland
50%
Coupe Pierre
50%
Coupe Turbo Dorée
50%
Coupe Fruit
38%
Coupe Hélico
38%
Coupe Plume
38%

Distribution des résultats

Percentile par nombre de réponses

% des personnes avec chaque résultat

Votre développement - résultats

Vous n’avez pas pris ce quiz